Quizzes
Events
Quiz Creation
Community
Videos
Private Events
Remove Ads
Sign In
Join for FREE
Feedback
Dark Mode
Quiz Categories
Sports
Geography
Music
Movies
Television
Just For Fun
Miscellaneous
History
Literature
Language
Science
Gaming
Entertainment
Religion
Holiday
For Kids
Quiz Lab
Recent
Popular Today
Quiz Kudos Today
Editor Picks
Curator Picks
Quizzes by...
Day
Popularity
Type
Ratings
Length
Year
Community
Subscriptions
Recent Discussions
Orange Saloon
Badges
Playlists
Quests
Create
Leaderboards
Showdown
Live 5
Trivia Bingo
Activity
Puzzle Library
Sporcle Events
Private Events
Virtual Trivia
Globe League
Become a Host
Pub Owners
SporcleCon
Opinionation
Our Games
Videos
Blog
Mobile Apps
Partnerships
Remove Ads and Go Orange
Feedback
Sports
Athletes
MLB
NBA
NHL
NFL
Soccer
Sports Teams
WWE
NCAA
Football
Premier League
Basketball
Baseball
Hockey
Golf
Tennis
Cricket
Rugby
Auto Racing
Olympics
World Cup
Sports
Athletes
MLB
NBA
NHL
NFL
Soccer
Sports Teams
WWE
NCAA
Football
Premier League
Basketball
Baseball
Hockey
Golf
Tennis
Cricket
Rugby
Auto Racing
Olympics
World Cup
Random Quiz
Search Sporcle
×
Quiz Lab
Quiz Lab
Sports
Cleveland Cavaliers
Type in answers that appear in a list
Type in answers that appear in a list
Classic
Best Score? Go Orange.
Ex-Cleveland Cavaliers as NBA Champions Stats
Can you name the Ex-Cleveland Cavaliers as NBA Champions (since 1990?
20m
37 Questions
47 Plays
47 Plays
47 Plays
Comments
Comments
Give Quiz Kudos
Give Quiz Kudos
-
- Ratings
hide this ad
Replay
Link that replays current quiz
Next Quiz
Link to next quiz in quiz playlist
You Got
0%
They Got
Avg Score
31%
Avg Friend Score
Upgrade to see
Score Distribution
Jump to the score distribution portion of the page
Score
0/37
Timer
20:00
0
Plays Today
Hint
Answer
% Correct
2020 Los Angeles Lakers
J.R. Smith
100%
2020 Los Angeles Lakers. 2013, 2012 Miami Heat
LeBron James
93.6%
2013,2012, 2006 Miami Heat
Dwyane Wade
80%
2020 Los Angeles Lakers, 2008 Boston Celtics*
Rajon Rondo
66.7%
2013, 2012 Miami Heat
James Jones
66%
2006 Miami Heat, 2002, 2001, 2000 Los Angeles Lakers
Shaquille O'Neal
63.8%
2020 Los Angeles Lakers, 2019 Toronto Raptors, 2014 San Antonio Spurs *
Danny Green
61.7%
2003, 1999 San Antonio Spurs, 1998, 1997, 1996 Chicago Bulls
Steve Kerr
57.4%
1993, 1992, 1991 Chicago Bulls
Scott Williams
48.9%
2018, 2017, 2015 Golden State Warriors
Shaun Livingston
46.8%
2001, 2000 Los Angeles Lakers, 1998, 1997, 1996 Chicago Bulls
Ron Harper
44.7%
2013, 2012 Miami Heat
Mike Miller
40.4%
2011 Dallas Mavericks
Shawn Marion
40.4%
2004 Detroit Pistons
Ben Wallace
40.4%
2010, 2009 Los Angeles Lakers
Shannon Brown
38.3%
2005 San Antonio Spurs
Devin Brown
38.3%
1995 Houston Rockets
Chucky Brown
38.3%
2008 Boston Celtics
Kendrick Perkins
34%
2019 Toronto Raptors, 2018, 2017 Golden State Warriors
Patrick McCaw
33.3%
Hint
Answer
% Correct
2020 Los Angeles Lakers, 2018 Golden State Warriors*
Quinn Cook
33.3%
2015 Golden State Warriors
Andrew Bogut
31.9%
2008 Boston Celtics
Leon Powe
29.8%
2006 Miami Heat
Derek Anderson
29.8%
2015 Golden State Warriors
Marreese Speights
27.7%
2010, 2009 Los Angeles Lakers
Luke Walton
27.7%
1990, 1989 Detroit Pistons
Bill Laimbeer
27.7%
2010, 2009 Los Angeles Lakers
Andrew Bynum
25.5%
2011 Dallas Mavericks
Brendan Haywood
21.3%
2003 San Antonio Spurs
Danny Ferry
21.3%
1996 Chicago Bulls, 1990, 1989 Detroit Pistons
James Edwards
21.3%
2013 Miami Heat
Chris Andersen
19.1%
2020 Los Angeles Lakers, 2018, 2017 Golden State Warriors
JaVale McGee
16.7%
2006 Miami Heat
Jason Kapono
14.9%
1994 Houston Rockets
Scott Brooks
14.9%
2020 Los Angeles Lakers
Dion Waiters
14.3%
2006 Miami Heat
Michael Doleac
10.6%
1995 Houston Rockets
Pete Chilcutt
8.5%
Quiz Playlist
Details
Report
Send in Message
Add To Playlist
Classic:
Type in answers that appear in a list
Last Updated: Feb 18, 2023
Quiz Scoreboard
CHALLENGE
Sign Up to Join the Scoreboard
Show All
Scores
Hide
Comments
May contain spoilers
Recently Published
An Introduction to Baseball
by treessimontrees
Sports
5m
Movies - When Are They Set?
by FPL_Elf
Movies
5m
Popular People in 1961
by mucciniale
History
6m
More to Explore
Quiz From the Vault
Featured Blog Post
Where Did the Easter Bunny Come From?
hide this ad
You Might Also Like...
Tags
Cleveland Cavaliers
Today's Top Quizzes in Sports
Browse Sports
hide this ad
Today's Top Quizzes in Cleveland Cavaliers
Browse Cleveland Cavaliers
Top Contributed Quizzes in Sports
1
Les meilleurs buteurs des matchs entre le PSG et l’OM
2
2022 World Cup Stars
3
FIFA Club World Cup Champions
4
Les entraîneurs de l'OM et du PSG au 21e siècle
5
Name the Premier League winners with different clubs
6
La finale Lions - Afrique du Sud 2021
7
Criteria MLB: Left Handed Sluggers
8
Les joueurs passés par le LOSC et le RC Lens
9
Players with Multiple 50 Home Run Seasons
10
MLB Players with Two .350 Batting Average Seasons
Explore More
Trending Topics
Crossword
Disney
Harry Potter
Marvel
Anime
NBA
Kpop
The Office
Soccer
WWE
Song
Puzzle
Country
Pokémon
NFL
hide this ad
Score Distribution
Popular Quizzes Today
1
Find the Countries of Europe - No Outlines Minefield
2
Find the US States - No Outlines Minefield
3
The Countries of the World
4
Popular People in 1961
5
US States
6
1-10 Letter E Words III
7
Find the US States
8
One Thing in Common: World Cities II
More Sports Quizzes
Liverpool European Cup Final Match Up
Curator's Pick
Trending Quizzes
Risky Map Clicking: Least Populous States A-Z
1-10 Letter F Words
1-10 Letter G Words
One Thing in Common: United Kingdom
Risky Map Clicking: Next State Alphabetically
Recently Updated
Leaping Animals
pecheneg
Reality TV Shows (A-Z)
bhenderson79
Rickey Henderson's Hall of Fame Teammates
pecheneg
Champions League XIs: Arsenal
pecheneg
Quick Pick: Celebrities in WWE's Hall of Fame
aduchscher
A-Z Keypad Blitz II
pecheneg
Multiple Oscar Actors
pecheneg
Mystery Phrase Blitz: Oscar 'Best Actors'
pecheneg
F. Scott Fitzgerald Novels
LTH
Pick 3 Villains
ddd62291
Trending Topics
Disney
NBA
Harry Potter
Marvel
Anime
Kpop
Crossword
The Office
Country
Soccer
Puzzle
Song
WWE
NFL
Pokémon
Your Account Isn't Verified!
In order to create a playlist on Sporcle, you need to verify the email address you used during registration. Go to your
Sporcle Settings
to finish the process.
Report this User
Report this user for behavior that violates our
Community Guidelines
.
Details:
Send Report
Go to the Sporcle.com Mobile Site →
Comments